[Event "Titled Tuesday intern op 16th Apr Early"]
[Site "Chess.com INT"]
[Date "2024.04.16"]
[Round "1"]
[White "Adiga, Sathvik"]
[Black "Esenbek Uulu, Ilimbek"]
[Result "1-0"]
[WhiteElo "2413"]
[BlackElo "2016"]
[PlyCount "89"]
[EventDate "2024.04.16"]
[EventType "swiss (blitz)"]
[EventRounds "11"]
[EventCountry "USA"]
[SourceTitle "CB17_2024"]
[SourceDate "2024.04.24"]
[SourceVersion "1"]
[SourceVersionDate "2024.04.24"]
[SourceQuality "1"]

1. e4 c5 2. Nf3 d6 3. d4 cxd4 4. Nxd4 Nf6 5. Nc3 e6 6. Be3 a6 7. f3 b5 8. a3 Bb7 9. Qd2 Nbd7 10. 0-0-0 Rc8 11. g4 Ne5 12. g5 Nfd7 13. f4 Nc4 14. Bxc4 Rxc4 15. Rhe1 Be7 16. f5 e5 17. Nf3 Bxe4 18. Nxe4 Rxe4 19. Qd5 Rxe3 20. Rxe3 Bxg5 21. Nxg5 Qxg5 22. Qd2 0-0 23. Rg3 Qxf5 24. Qxd6 Rc8 25. Qd3 Qf4+ 26. Kb1 Nf8 27. Rf1 Qc4 28. b3 Qc5 29. Kb2 Ne6 30. Qf5 Rc7 31. Rf2 g6 32. Qf6 a5 33. Rd3 b4 34. Rfd2 bxa3+ 35. Ka2 Rc8 36. Rd7 Rf8 37. Qf3 a4 38. Qd3 axb3+ 39. Qxb3 Nd4 40. Qxa3 Qc4+ 41. Kb1 Rb8+ 42. Kc1 Qf1+ 43. Rd1 Qf4+ 44. Rd2 Nf3 45. Qd6 1-0

[Event "Titled Tuesday intern op 16th Apr Early"]
[Site "Chess.com INT"]
[Date "2024.04.16"]
[Round "3"]
[White "Shishkov, Andrei"]
[Black "Adiga, Sathvik"]
[Result "1-0"]
[WhiteElo "2340"]
[BlackElo "2413"]
[PlyCount "117"]
[EventDate "2024.04.16"]
[EventType "swiss (blitz)"]
[EventRounds "11"]
[EventCountry "USA"]
[SourceTitle "CB17_2024"]
[SourceDate "2024.04.24"]
[SourceVersion "1"]
[SourceVersionDate "2024.04.24"]
[SourceQuality "1"]

1. d4 Nf6 2. c4 g6 3. f3 d6 4. e4 Bg7 5. Be3 0-0 6. Nc3 Nc6 7. Qd2 a6 8. 0-0-0 Rb8 9. h4 e5 10. d5 Ne7 11. h5 b5 12. h6 Bh8 13. g4 Nd7 14. cxb5 axb5 15. Bxb5 Nc5 16. Nge2 Bd7 17. Bc4 Qc8 18. Bxc5 dxc5 19. d6 cxd6 20. Qxd6 Be6 21. Ba6 Qe8 22. Rd2 Nc6 23. Bb5 Rxb5 24. Nxb5 Nd4 25. Nc7 Qa4 26. Nxd4 cxd4 27. Nxe6 Rc8+ 28. Kb1 Ra8 29. a3 Qa5 30. Rc2 fxe6 31. Qxe6+ Kf8 32. Rhc1 Re8 33. Rc8 Qb5 34. Rxe8+ Qxe8 35. Qxe8+ Kxe8 36. Rc8+ Kf7 37. Rxh8 Kf6 38. Rxh7 Kg5 39. Rh8 d3 40. Kc1 d2+ 41. Kxd2 Kf6 42. Rg8 Kg5 43. h7 Kf4 44. h8Q Kg3 45. Qxe5+ Kh3 46. Rh8+ Kg2 47. Qh2+ Kf1 48. Qh1+ Kf2 49. Rh2+ Kg3 50. Qg2+ Kf4 51. g5 Ke5 52. Qg3+ Kd4 53. Qd6+ Kc4 54. Ke3 Kb3 55. Qd3+ Ka4 56. Rc2 Ka5 57. Rc4 Kb6 58. Qb3+ Ka6 59. Ra4# 1-0

[Event "Titled Tuesday intern op 02nd Apr Early"]
[Site "Chess.com INT"]
[Date "2024.04.02"]
[Round "10"]
[White "Adiga, Sathvik"]
[Black "Arca, Christian Gian Karl"]
[Result "1/2-1/2"]
[WhiteElo "2413"]
[BlackElo "2283"]
[PlyCount "188"]
[EventDate "2024.04.02"]
[EventType "swiss (blitz)"]
[EventRounds "11"]
[EventCountry "USA"]
[SourceTitle "CB15_2024"]
[SourceDate "2024.04.10"]
[SourceVersion "1"]
[SourceVersionDate "2024.04.10"]
[SourceQuality "1"]

1. e4 c6 2. d4 d5 3. Nc3 dxe4 4. Nxe4 Bf5 5. Ng3 Bg6 6. h4 h6 7. Nf3 Nd7 8. h5 Bh7 9. Bd3 Bxd3 10. Qxd3 e6 11. Bd2 Ngf6 12. 0-0-0 Be7 13. Kb1 0-0 14. Ne4 Nxe4 15. Qxe4 Nf6 16. Qe2 Qd5 17. Ne5 Qe4 18. Qxe4 Nxe4 19. Be1 Rfd8 20. f3 Nd6 21. g4 Bf6 22. Bf2 Bxe5 23. dxe5 Nc4 24. f4 b6 25. Kc1 Kf8 26. b3 Na5 27. Bh4 Rxd1+ 28. Rxd1 Ke8 29. f5 c5 30. f6 gxf6 31. Bxf6 Nc6 32. g5 Kf8 33. g6 fxg6 34. hxg6 Ne7 35. g7+ Kf7 36. Rd7 Re8 37. Rxe7+ Rxe7 38. Bxe7 Kxg7 39. Bf6+ Kg6 40. Kd2 Kf5 41. Ke3 Kg4 42. c4 Kg3 43. Ke2 h5 44. Kf1 Kf3 45. a3 Ke3 46. Be7 Kd4 47. b4 cxb4 48. axb4 Kxc4 49. Kg2 a5 50. bxa5 bxa5 51. Kg3 a4 52. Kf3 Kb3 53. Kf4 a3 54. Bxa3 Kxa3 55. Kg5 Kb3 56. Kxh5 Kc4 57. Kg4 Kd5 58. Kf4 Kc4 59. Kf3 Kd3 60. Kf4 Kc3 61. Kf3 Kd4 62. Kf4 Kc5 63. Kg5 Kc6 64. Kf4 Kd5 65. Kf3 Kc5 66. Kf4 Kb4 67. Kg5 Kc4 68. Kf4 Kd3 69. Kf3 Kd2 70. Kf4 Kd3 71. Kf3 Kc3 72. Kf4 Kd4 73. Kf3 Kxe5 74. Ke3 Kd5 75. Kd3 Ke5 76. Ke3 Kf5 77. Kf3 e5 78. Ke3 e4 79. Ke2 Ke5 80. Ke3 Kd5 81. Ke2 Kd4 82. Kd2 Kc5 83. Ke3 Kd5 84. Ke2 Kd4 85. Kd2 e3+ 86. Ke2 Ke4 87. Ke1 Kd4 88. Ke2 Ke4 89. Ke1 Kf3 90. Kf1 Ke4 91. Ke2 Kd4 92. Ke1 Kd3 93. Kd1 e2+ 94. Ke1 Ke3 1/2-1/2